Co-liderazgo (Registro nro. 14611)

Detalles MARC
000 -LEADER
fixed length control field 00335 a2200121 4500
001 - CONTROL NUMBER
control field ART_11181
005 - DATE AND TIME OF LATEST TRANSACTION
control field 20260410161655.0
008 - FIXED-LENGTH DATA ELEMENTS--GENERAL INFORMATION
fixed length control field 260409a
100 1# - MAIN ENTRY--PERSONAL NAME
Personal name Bennis, Warren
245 10 - TITLE STATEMENT
Title Co-liderazgo
700 1# - ADDED ENTRY--PERSONAL NAME
Personal name Heenan, David A.
773 0# - HOST ITEM ENTRY
Title Harvard Deusto Business Review
Related parts - Nº 104 (sep./oct. 2001)
Record control number REV521

No hay ítems disponibles.